Zombie - The Cranberries (All Lyrics) - Statistics

General Stats
  • This quiz has been taken 3,555 times
  • The average score is 119 of 149
Answer Stats
Lyrics % Correct
head
97%
head,
97%
head.
97%
In
97%
in
97%
you
97%
Zombie,
96%
zombie,
96%
zombie.
96%
your
95%
the
94%
And
89%
and
89%
are
85%
they
84%
they're
84%
bombs
82%
it's
82%
It's
82%
their
82%
guns.
81%
fighting.
75%
With
75%
my
74%
What's
74%
not
71%
tanks
71%
we
71%
me,
70%
is
69%
Another
67%
family.
65%
silence.
63%
silence,
63%
mistaken?
62%
mistaken.
62%
slowly
61%
violence
61%
crying.
59%
Who
58%
be
57%
taken.
57%
see,
56%
dying.
55%
still
55%
Child
53%
hangs
52%
same
52%
But
51%
nineteen-sixteen.
51%
since
49%
causes
48%
lowly.
46%
mother's
45%
old
45%
must
44%
over.
42%
Heart
35%
When
35%
breaking.
34%
taking
33%
such
31%
caused
30%
theme
27%
No matching quizzes found
Score Distribution
Percent of People with Each Score
Percentile by Number Answered
Your Score History
You have not taken this quiz